[Event "Let's Play Chess!"]
[Site "http://www.queenalice.com/game.php?id=759048"]
[Date "2010.4.10"]
[Round "-"]
[White "lucasgabriel1997"]
[Black "highlander7"]
[Result "0-1"]
[WhiteElo "984"]
[BlackElo "2353"]

1. e4 e5 2. d3 Nc6 3. Be2 Bc5 4. Nf3 Nf6 5. O-O O-O 6. c3 d5 7. exd5 Qxd5 8. d4
exd4 9. cxd4 Nxd4 10. Nxd4 Qxd4 11. Qxd4 Bxd4 12. Nc3 Re8 13. Rd1 Bxc3 14. bxc3
Rxe2 15. Rd8+ Re8 16. Rxe8+ Nxe8 17. Bf4 Be6 18. Rb1 b6 19. a3 Rd8 20. h3 Rd3
21. Rc1 Nd6 22. Bxd6 Rxd6 23. f3 Kf8 24. Kf2 Rd2+ 25. Kf1 Ra2 26. c4 Rxa3 27.
Kf2 Ra2+ 28. Kg3 a5 29. Rd1 Bxc4 30. Rd7 c5 31. Rb7 Rb2 32. Rb8+ Ke7 33. Rb7+
Kd6 34. Rxf7 Bxf7 35. h4 c4 0-1

[Event "AUTO-OPEN-1942"]
[Site "http://www.queenalice.com/game.php?id=759322"]
[Date "2010.4.11"]
[Round "1"]
[White "sakhan"]
[Black "lucasgabriel1997"]
[Result "1-0"]
[WhiteElo "1932"]
[BlackElo "984"]

1. d4 d6 2. e4 Nc6 3. Nc3 e5 4. Nf3 exd4 5. Nxd4 Nxd4 6. Qxd4 Qf6 7. Qa4+ Bd7 8.
Qb3 Be7 9. Nd5 Qd4 10. Nxc7+ Kf8 11. Nxa8 Qxe4+ 12. Be3 Bg5 13. Nc7 Bxe3 14.
Qxe3 Qxc2 15. Nd5 Qxb2 16. Rc1 Qe5 17. Qxe5 dxe5 18. Be2 Nf6 19. Nxf6 gxf6 20.
Rc7 Bc6 21. Rc8+ Kg7 22. Rxh8 Kxh8 23. f3 Bd5 24. Kf2 Bxa2 25. Ra1 Bd5 26. Rxa7
Kg8 27. Bb5 e4 28. fxe4 Bxe4 29. g3 1-0

[Event "AUTO-OPEN-1942"]
[Site "http://www.queenalice.com/game.php?id=759323"]
[Date "2010.4.11"]
[Round "1"]
[White "lucasgabriel1997"]
[Black "sakhan"]
[Result "0-1"]
[WhiteElo "984"]
[BlackElo "1934"]

1. e4 d5 2. d3 dxe4 3. Nc3 exd3 4. Qxd3 Qxd3 5. Bxd3 c6 6. Nf3 Nf6 7. O-O e6 8.
Ne4 Be7 9. Nxf6+ Bxf6 10. Bg5 Bxb2 11. Rae1 Nd7 12. Rb1 Bc3 13. Rb3 Ba5 14. Ra3
Bc7 15. Re1 O-O 16. Be7 Re8 17. Bb4 Nf6 18. Bc5 e5 19. Rxa7 Rxa7 20. Bxa7 e4 21.
Bxe4 Rxe4 22. Rxe4 Nxe4 23. h3 b6 24. Nd4 c5 25. Nb5 Bd8 26. f3 Bd7 27. Na3 Nd6
28. Bb8 Nb7 29. Kh2 Be6 30. Nb5 Bxa2 0-1

[Event "AUTO-OPEN-1944"]
[Site "http://www.queenalice.com/game.php?id=760225"]
[Date "2010.4.13"]
[Round "1"]
[White "torab"]
[Black "lucasgabriel1997"]
[Result "0-1"]
[WhiteElo "1739"]
[BlackElo "984"]

1. e4 d5 2. exd5 Qxd5 3. b3 Qe5+ 4. Ne2 Qxa1 5. Nbc3 e6 6. Nd4 Ba3 7. Bxa3 Qxd1+
8. Kxd1 Bd7 9. Bd3 Nc6 10. Ndb5 O-O-O 11. Be4 a6 12. Bxc6 axb5 13. Bxd7+ Rxd7
14. Nxb5 Nf6 15. f3 Rhd8 16. d3 e5 17. Re1 Rd5 18. Nc3 Ra5 19. Be7 Rd7 20. Bxf6
gxf6 21. a4 f5 22. b4 Ra6 23. Rxe5 Rf6 24. Nd5 Rfd6 25. c4 Rg6 26. Ne7+ Rxe7 27.
Rxe7 Rxg2 28. Rxf7 Rxh2 29. Rxf5 h5 30. f4 Rh3 31. Ke2 Rh2+ 32. Kf3 Rh3+ 33. Ke4
Rh1 34. Kd5 Rh3 35. d4 Rf3 36. Rxh5 Rxf4 37. Ke5 Rg4 38. Ke6 Rxd4 39. c5 Re4+
40. Kd5 Rxb4 41. Ke6 Re4+ 42. Re5 Rxa4 43. Rf5 Re4+ 44. Kd5 Re8 45. c6 b6 0-1

[Event "AUTO-OPEN-1944"]
[Site "http://www.queenalice.com/game.php?id=760226"]
[Date "2010.4.13"]
[Round "1"]
[White "lucasgabriel1997"]
[Black "torab"]
[Result "1-0"]
[WhiteElo "984"]
[BlackElo "1739"]

1. e4 e5 2. d3 h6 3. Nf3 d6 4. Be2 Nf6 5. O-O Nc6 6. Be3 Ne7 7. c3 c6 8. Qc2 Ng6
9. Rd1 Be7 10. d4 exd4 11. Bxd4 a6 12. e5 Nd5 13. Bc4 Bg4 14. h3 Bxf3 15. gxf3
Ndf4 16. exd6 Nxh3+ 17. Kg2 Nhf4+ 18. Kf1 Bxd6 19. Bxg7 Rh7 20. Qe4+ Kd7 21.
Bxf7 Rxg7 22. Bxg6 Nxg6 23. Qd4 Qe7 24. Re1 Ne5 25. f4 c5 26. Qd5 Rag8 27. Qxb7+
Ke6 28. Qxe7+ Rxe7 29. fxe5 Bxe5 30. f4 Rf8 31. Rxe5+ Kd6 32. Rxe7 Kxe7 33. Nd2
Rxf4+ 34. Kg2 h5 35. Re1+ Kf7 36. Rh1 Kg6 37. Kg3 Kg5 38. Nf3+ Rxf3+ 39. Kxf3
1-0

[Event "AUTO-OPEN-1944"]
[Site "http://www.queenalice.com/game.php?id=760249"]
[Date "2010.4.13"]
[Round "1"]
[White "Catamarca"]
[Black "lucasgabriel1997"]
[Result "1-0"]
[WhiteElo "1379"]
[BlackElo "984"]

1. e4 e5 2. Bc4 Nf6 3. Nf3 Bc5 4. Nxe5 d5 5. exd5 Nxd5 6. Qf3 Be6 7. O-O Nd7 8.
Bxd5 Nxe5 9. Qe4 Qxd5 10. Qa4+ Qd7 11. Qe4 1-0

[Event "AUTO-OPEN-1944"]
[Site "http://www.queenalice.com/game.php?id=760250"]
[Date "2010.4.13"]
[Round "1"]
[White "lucasgabriel1997"]
[Black "Catamarca"]
[Result "0-1"]
[WhiteElo "984"]
[BlackElo "1381"]

1. d4 d5 2. Nc3 e6 3. e3 Nf6 4. Bb5+ c6 5. Bd3 Bb4 6. Bd2 Bxc3 7. Bxc3 O-O 8.
Nf3 Nbd7 9. O-O a6 10. b3 c5 11. Re1 b5 0-1

[Event "AUTO-OPEN-1944"]
[Site "http://www.queenalice.com/game.php?id=760263"]
[Date "2010.4.13"]
[Round "1"]
[White "braseiko"]
[Black "lucasgabriel1997"]
[Result "1-0"]
[WhiteElo "1861"]
[BlackElo "984"]

1. d4 d6 2. e4 Nc6 3. d5 Ne5 4. f4 Bg4 5. Be2 Bxe2 6. Nxe2 Nd7 7. Be3 e6 8. Nbc3
exd5 9. Qxd5 c6 10. Qd3 Nc5 11. Qd2 Nf6 12. Bxc5 dxc5 13. Qe3 Qb6 14. O-O Qxb2
15. Rab1 Qxc2 16. Rxb7 Be7 17. Rc1 Ng4 18. Qf3 Qd2 19. Qxg4 Qd4+ 20. Nxd4 cxd4
21. Qd7+ Kf8 22. Qxe7+ Kg8 23. Qxf7# 1-0

[Event "AUTO-OPEN-1944"]
[Site "http://www.queenalice.com/game.php?id=760264"]
[Date "2010.4.13"]
[Round "1"]
[White "lucasgabriel1997"]
[Black "braseiko"]
[Result "0-1"]
[WhiteElo "984"]
[BlackElo "1923"]

1. e4 c5 2. d4 cxd4 3. Qxd4 Nc6 4. Qd1 Nf6 5. Bd3 e5 6. Bg5 Be7 7. Ne2 O-O 8.
O-O d6 9. Nec3 Be6 10. Na3 a6 11. Bc4 b5 12. Bxe6 fxe6 13. Ne2 Qc7 14. c4 b4 15.
Nc2 Nxe4 16. Bxe7 Qxe7 17. f3 Nf6 18. f4 e4 19. Ned4 Nxd4 20. Qxd4 a5 21. Rfd1
Ng4 22. Qxd6 Qh4 23. Qxe6+ Kh8 24. Qxe4 Qxh2+ 25. Kf1 Rxf4+ 26. Qxf4 Qxf4+ 27.
Kg1 Qh2+ 28. Kf1 Rf8+ 29. Ke1 Qxg2 30. Rd2 Rf1# 0-1

[Event "luizantoniosetti"]
[Site "http://www.queenalice.com/game.php?id=779547"]
[Date "2010.5.23"]
[Round "1"]
[White "lucasgabriel1997"]
[Black "kasker"]
[Result "0-1"]
[WhiteElo "984"]
[BlackElo "2486"]

1. e4 e5 2. Nf3 d6 3. Be2 f5 4. exf5 Bxf5 5. O-O Nf6 6. d3 Nbd7 7. Nc3 c6 8. Nh4
Be6 9. Ne4 Nxe4 10. Bh5+ g6 11. Bxg6+ hxg6 12. Nxg6 Rg8 13. Nxf8 Bg4 14. f3 Qb6+
15. Kh1 Ng3+ 0-1

[Event "Challenge"]
[Site "http://www.queenalice.com/game.php?id=780416"]
[Date "2010.5.25"]
[Round "-"]
[White "Matheusjos10"]
[Black "lucasgabriel1997"]
[Result "1-0"]
[WhiteElo "935"]
[BlackElo "984"]

1. e3 e5 2. Nf3 Nc6 3. Qe2 Nf6 4. Qc4 Be7 5. g4 d5 6. Qa4 Be6 7. g5 Nd7 8. Rg1
e4 9. Nd4 Bxg5 10. f4 Bh4+ 11. Kd1 Nxd4 12. Qxd4 Qf6 13. Qb4 O-O-O 14. d4 1-0